|
|
|
|
| LEADER |
07187nam a22004333i 4500 |
| 001 |
EBC30686195 |
| 003 |
MiAaPQ |
| 005 |
20231204023231.0 |
| 006 |
m o d | |
| 007 |
cr cnu|||||||| |
| 008 |
231204s2022 xx o ||||0 fre d |
| 020 |
|
|
|a 9783034345019
|q (electronic bk.)
|
| 020 |
|
|
|z 9783034344913
|
| 035 |
|
|
|a (MiAaPQ)EBC30686195
|
| 035 |
|
|
|a (Au-PeEL)EBL30686195
|
| 035 |
|
|
|a (OCoLC)1371771818
|
| 040 |
|
|
|a MiAaPQ
|b eng
|e rda
|e pn
|c MiAaPQ
|d MiAaPQ
|
| 082 |
0 |
|
|a 306.85094
|
| 100 |
1 |
|
|a Wauthier, Pierre-Yves.
|
| 245 |
1 |
0 |
|a Faire Famille Sans Faire Couple :
|b Comprendre l'hétérogénéisation des Parcours Familiaux.
|
| 250 |
|
|
|a 1st ed.
|
| 264 |
|
1 |
|a Bern :
|b Peter Lang AG International Academic Publishers,
|c 2022.
|
| 264 |
|
4 |
|c {copy}2022.
|
| 300 |
|
|
|a 1 online resource (522 pages)
|
| 336 |
|
|
|a text
|b txt
|2 rdacontent
|
| 337 |
|
|
|a computer
|b c
|2 rdamedia
|
| 338 |
|
|
|a online resource
|b cr
|2 rdacarrier
|
| 490 |
1 |
|
|a Population, Famille et Société / Population, Family, and Society Series ;
|v v.36
|
| 505 |
0 |
|
|a Cover -- Series Information -- Copyright Information -- Remerciements -- Table des matières -- Prolégomènes -- Chapitre 1 Problématisation -- Changements sociétaux et mutations du fait familial -- Éléments ethno-anthropologiques d'interprétation -- Éléments historiques d'interprétation -- Éléments démographiques d'interprétation -- Hétérogénéisation des formes familiales après 1960 en Europe occidentale -- Diversification des formes d'unions et désunions -- Accélération du rythme de substitution des partenaires conjugaux -- Hétérogénéisation des relations intrinsèques et extrinsèques de la famille -- Outils conceptuels pour penser la famille comme une notion sociohistoriquement située organisatrice de rapports de sexe et de génération -- La famille comme une construction sociale de la réalité -- La notion de cycle de la vie familiale -- La famille comme un mot d'ordre mono-normatif -- Leitbilder : images mentales de la famille orientant les parcours de vie -- Faire famille : réaliser un parcours de vie -- Faire famille : remplir des fonctions -- Mettre en évidence les conditions sociales idéelles et matérielles de la diversification des formes familiales ? -- Chapitre 2 Recueils et productions des données -- Identifier des points d'accès à la diversité : résultats d'enquête exploratoire -- Première entrée : le « polyamour » -- Deuxième entrée : « faire un bébé toute seule » -- Ethnographie et Qualitative Deductive Analysis -- Circonscription temporelle, géographique et linguistique -- Objectifs de l'immersion dans l'univers non mono-normatif -- Modalités d'immersion par l'entrée du polyamour -- Modalités d'immersion par l'entrée de la monoparentalité par choix -- Itérations complémentaires entre théorie et empirie -- Données recueillies sur le terrain -- Artefacts -- Indicateurs, informateurs et enquêtés.
|
| 505 |
8 |
|
|a Brefs épisodes biographiques récoltés sur le terrain -- Données produites auprès d'un échantillon stratégique -- Sélection de 35 enquêtés -- Production des données relatives aux enquêtés -- Positionnalité de l'enquêteur en immersion et en entretien -- Chapitre 3 Modalités d'analyse et de restitution des résultats -- Découpage analytique -- Analyses thématiques comparatives -- Éléments de clarifications concernant le choix des axes thématiques -- Anonymisation et conventions d'écriture -- Chapitre 4 Aspects sociodémographiques de la composition de l'échantillon -- Niveau d'études -- Professions -- Autres ressources et capitaux -- Chapitre 5 Le parcours illustratif de Sandrine -- Chapitre 6 Déconjugalisation de la fonction reproductive -- Engendrement et intentionnalité -- Conceptions des substances et des corps -- Vie professionnelle, perceptions des rôles de genre et procréation -- Féminisme : se libérer des hommes pour la fonction reproductive -- Conclusions sur la question de la procréation -- Chapitre 7 Déconjugalisation de la protection et de la socialisation des enfants -- Intervenants humains, institutionnels et technologiques -- Repères idéologiques de la déconjugalisation volontaire de la parentalité -- Chapitre 8 Figures significatives d'attachement et déconjugalisation de l'affection -- « Faire couple » : régulateur social de la production de lien d'attachement entre adultes -- « L'escalator relationnel » -- Libres ensemble : désolidariser la fonction affective des autres fonctions -- Pluralisation des liens intimes -- Conclusions sur la fonction affective -- Chapitre 9 Déconjugalisation de l'usage non reproductif du sexe -- Une catégorisation des partenariats sexuels -- Contexte matériel de l'usage déconjugalisé de la sexualité récréative -- Contexte idéel favorisant un usage déconjugalisé de la sexualité récréative.
|
| 505 |
8 |
|
|a Conclusions sur l'usage récréatif du sexe -- Chapitre 10 Déconjugalisation de la fonction résidentielle -- Approche statique de la composition des groupes résidentiels -- Labilité des groupes résidentiels -- Unité et dislocations du bâti résidentiel -- Conditions idéelles de faisabilité -- Contraintes structurelles à la déconjugalisation de la fonction résidentielle -- Conclusions sur les fusions-fissions résidentielles -- Chapitre 11 Articulations et désarticulations des fonctions -- Flux de circulation des personnes -- Articulations à la fonction résidentielle -- Joindre et disjoindre des trajectoires fonctionnelles -- Chapitre 12 Propositions pour un modèle de la déconjugalisation du fait familial -- La famille moderne 3 ? -- Rémanence du leitbild conjugal -- Trois régimes de réalisation des cinq fonctions -- Chapitre 13 Court-circuit dans la transmission du mot d'ordre famille -- Accélération des transformations sociales -- Ralentissement de la succession des générations -- Court-circuit -- Conclusions générales -- Table des figures -- Table des tableaux -- Bibliographie -- Références scientifiques -- Dictionnaires disciplinaires (entrées de) -- Littérature de terrain -- Titres de la collection.
|
| 520 |
|
|
|a L'ouvrage met en évidence des causes sociétales de l'hétérogénéisation du paysage familial d'Europe francophone, au fil des 60 dernières années.
|
| 588 |
|
|
|a Description based on publisher supplied metadata and other sources.
|
| 590 |
|
|
|a Electronic reproduction. Ann Arbor, Michigan : ProQuest Ebook Central, 2023. Available via World Wide Web. Access may be limited to ProQuest Ebook Central affiliated libraries.
|
| 655 |
|
4 |
|a Electronic books.
|
| 776 |
0 |
8 |
|i Print version:
|a Wauthier, Pierre-Yves
|t Faire Famille Sans Faire Couple
|d Bern : Peter Lang AG International Academic Publishers,c2022
|z 9783034344913
|
| 797 |
2 |
|
|a ProQuest (Firm)
|
| 830 |
|
0 |
|a Population, Famille et Société / Population, Family, and Society Series
|
| 856 |
4 |
0 |
|u https://ebookcentral.proquest.com/lib/matrademy/detail.action?docID=30686195
|z Click to View
|